Những điều cần biết về tuyển sinh trung cấp chuyên nghiệp năm 2011

Gardado en:
Detalles Bibliográficos
Autor Principal: Bộ giáo dục và đào tạo
Formato: Libro
Idioma:Vietnamese
Publicado: Giáo dục VN 2011
Các nhãn: Engadir etiqueta
Sen Etiquetas, Sexa o primeiro en etiquetar este rexistro!
Thư viện lưu trữ: Mạng thư viện Đại học Đà Nẵng
LEADER 00695nam a2200277 4500
001 000025617
003 1180
005 20150325120000.0
008 150325s vm 000 vie
020 |c 29000,0000 
040 |a notts 
100 |a Bộ giáo dục và đào tạo 
245 |a Những điều cần biết về tuyển sinh trung cấp chuyên nghiệp năm 2011 
260 |b Giáo dục VN  |c 2011 
300 |a 400tr. ; 
OWN |a LTT 
999 |a From the UDN01 
TYP |a Monograph 
TYP |a Printed language 
980 |a Mạng thư viện Đại học Đà Nẵng